Stati tra 2 000 000 e 3 000 000 abitanti - Statistics

Statistiche generali
  • Questo quiz è stato fatto 15 volte
  • Il punteggio medio è 9 su 12
Statistiche sulle risposte
Popolazione (ab.) Continente Nazione % Corretto
2 761 785 Europa Albania
100%
2 120 937 Europa Slovenia
100%
2 306 000 Africa Lesotho
89%
2 512 758 Europa Moldavia
89%
2 417 471 Africa Gambia
78%
2 869 660 Europa Lituania
78%
2 656 032 Asia Qatar
78%
2 971 200 Asia Armenia
67%
2 233 272 Africa Gabon
67%
2 641 857 Africa Namibia
56%
2 410 338 Africa Botswana
33%
2 825 544 America del Nord Giamaica
33%
Nessun quiz corrispondente trovato
Distribuzione punteggi
Percentuale di utenti per punteggio
Percentile per numero di risposta
I tuoi punteggi nel tempo
Non hai fatto questo quiz